000
00304nam a22001217a 4500
020
_a
0070590923
082
_2
22
_a
574.5
100
_a
Joseph, Benny.
245
_a
Environmental studies /
260
_a
New Delhi,
_b
McGraw Hill,
_c
c2006.
300
_a
xvi, 343 p. ;
_b
ill. ;
_c
24 cm.
942
_2
ddc
_c
CIVIL
_0
2
999
_c
2192
_d
2192